[Event "DEM U16w 2011"]
[Site "Oberhof GER"]
[Date "2011.06.12"]
[Round "1"]
[White "Klek, Hanna-Marie"]
[Black "Kostré, Margarita"]
[Result "1-0"]
[Termination "normal"]
[Board "1"]
[WhiteElo "2147"]
[BlackElo "1821"]
[PlyCount "71"]
[WhiteFideId "24670057"]
[BlackFideId "4673344"]
[EventCountry "GER"]
[EventRounds "9"]
[EventType "swiss"]
[EventDate "2011.06.11"]

1. e4 e5 2. Bc4 Nf6 3. d3 Bc5 4. Nf3 Nc6 5. c3 d6 6. Bb3 a6 7. h3 Ba7 8. Nbd2
Be6 9. Nc4 Ne7 10. Qe2 Ng6 11. d4 b5 12. Na5 Bd7 13. dxe5 dxe5 14. Bd5 Nxd5 15.
exd5 O-O 16. O-O Re8 17. Rd1 e4 18. Nd4 Bxd4 19. Rxd4 Ne5 20. Rxe4 Qf6 21. Bf4
Qb6 22. Nb3 Nc4 23. Rxe8+ Rxe8 24. Qc2 Qf6 25. Bxc7 Qg5 26. Qd3 Nxb2 27. Qd2
Qxd2 28. Nxd2 Re2 29. Nb3 Na4 30. Nd4 Rd2 31. Ba5 Nc5 32. Re1 Rxa2 33. Bb4 Nd3
34. Re7 Ra1+ 35. Kh2 Nxf2 36. Rxd7 1-0

[Event "DEM U16w 2011"]
[Site "Oberhof GER"]
[Date "2011.06.12"]
[Round "1"]
[White "Schätz, Bianca"]
[Black "Osmanodja, Filiz"]
[Result "0-1"]
[Termination "normal"]
[Board "2"]
[BlackTitle "FM"]
[WhiteElo "1802"]
[BlackElo "2027"]
[PlyCount "48"]
[WhiteFideId "24655821"]
[BlackFideId "24633569"]
[EventCountry "GER"]
[EventRounds "9"]
[EventType "swiss"]
[EventDate "2011.06.11"]

1. e4 c5 2. Nf3 Nc6 3. Bb5 d6 4. Bxc6+ bxc6 5. h3 e5 6. O-O Ne7 7. c3 f5 8. d3
Ng6 9. Re1 Be7 10. Nbd2 O-O 11. exf5 Bxf5 12. d4 cxd4 13. cxd4 Bf6 14. dxe5
dxe5 15. Nc4 e4 16. Nh2 Qc7 17. Qd6 Qf7 18. Qc5 Be7 19. Qd4 Rad8 20. Qc3 Be6
21. Ne3 Qxf2+ 22. Kh1 Rd3 23. Qa5 Bd8 24. Qb4 a5 0-1

[Event "DEM U16w 2011"]
[Site "Oberhof GER"]
[Date "2011.06.12"]
[Round "1"]
[White "Schäfer, Daniela"]
[Black "Berger, Nadja"]
[Result "0-1"]
[Termination "normal"]
[Board "3"]
[WhiteElo "1946"]
[BlackElo "1730"]
[PlyCount "92"]
[WhiteFideId "4624769"]
[BlackFideId "24692212"]
[EventCountry "GER"]
[EventRounds "9"]
[EventType "swiss"]
[EventDate "2011.06.11"]

1. e4 e5 2. Nf3 Nc6 3. Bb5 Nf6 4. d3 Ne7 5. O-O Ng6 6. d4 c6 7. dxe5 Nxe4 8.
Bc4 d5 9. exd6 Nxd6 10. Bb3 Be7 11. Re1 O-O 12. Nc3 Bf6 13. Be3 Re8 14. Qd2 Bg4
15. Bc5 Rxe1+ 16. Nxe1 Bxc3 17. Qxc3 Ne4 18. Qc4 Nxc5 19. Qxg4 Qf6 20. Qc4 Nxb3
21. Qxb3 Qe7 22. Nf3 Re8 23. h3 Qd7 24. c3 Re2 25. Rd1 Qc7 26. Nd4 Re5 27. Qc2
Qe7 28. Qd2 h6 29. Kf1 Rd5 30. c4 Re5 31. b3 a6 32. Nf3 Re4 33. Qd8+ Nf8 34.
Qc8 Kh7 35. Qf5+ Kg8 36. Kg1 Re2 37. Nd4 Rxa2 38. Qc8 Rb2 39. Kf1 Qd6 40. Qg4
Qf6 41. Qg3 Ne6 42. Nxe6 Qxe6 43. Re1 Qf5 44. Qe3 Kh7 45. Qg3 Qc2 46. Qf3 f6
0-1

[Event "DEM U16w 2011"]
[Site "Oberhof GER"]
[Date "2011.06.12"]
[Round "1"]
[White "Stolcz, Bianca"]
[Black "Düssler, Stefanie"]
[Result "0-1"]
[Termination "normal"]
[Board "4"]
[WhiteElo "1632"]
[BlackElo "1905"]
[PlyCount "62"]
[WhiteFideId "24654914"]
[BlackFideId "4634780"]
[EventCountry "GER"]
[EventRounds "9"]
[EventType "swiss"]
[EventDate "2011.06.11"]

1. e4 e6 2. d4 d5 3. Bd3 c5 4. exd5 exd5 5. dxc5 Bxc5 6. Nf3 Nf6 7. O-O O-O 8.
Nc3 h6 9. Bf4 Nc6 10. h3 Be6 11. Qd2 Rc8 12. Bxh6 gxh6 13. Qxh6 Re8 14. g4 Bf8
15. Qh4 Bg7 16. Rad1 Qe7 17. Qg3 Qc7 18. Qxc7 Rxc7 19. Bb5 a6 20. Ba4 Rd8 21.
Ng5 Nh7 22. Nxe6 fxe6 23. Rd3 Ne5 24. Rg3 Nc4 25. Ne2 Ng5 26. Re1 Ne4 27. Rg2
Ned2 28. Rd1 Nf3+ 29. Kh1 Nxb2 30. Nf4 Re7 31. Ng6 Rf7 0-1

[Event "DEM U16w 2011"]
[Site "Oberhof GER"]
[Date "2011.06.12"]
[Round "1"]
[White "Pohl, Theresa"]
[Black "Müller, Alexandra"]
[Result "1-0"]
[Termination "normal"]
[Board "5"]
[WhiteElo "1870"]
[BlackElo "1696"]
[PlyCount "45"]
[BlackFideId "24691496"]
[EventCountry "GER"]
[EventRounds "9"]
[EventType "swiss"]
[EventDate "2011.06.11"]

1. d4 d5 2. c4 e6 3. Nc3 Nf6 4. Nf3 Be7 5. Bg5 O-O 6. e3 h6 7. Bh4 b6 8. Be2
Bb7 9. O-O Nbd7 10. cxd5 exd5 11. Rc1 c5 12. Bg3 a6 13. Ne5 Rc8 14. Bf3 c4 15.
a4 Bb4 16. Na2 Be7 17. Nxc4 Rxc4 18. Rxc4 dxc4 19. Bxb7 a5 20. Qc2 Nb8 21. Qxc4
Qd7 22. Bf3 Rc8 23. Qb3 1-0

[Event "DEM U16w 2011"]
[Site "Oberhof GER"]
[Date "2011.06.12"]
[Round "1"]
[White "Spangenberg, Romy"]
[Black "Kühnel, Lena"]
[Result "1/2-1/2"]
[Termination "normal"]
[Board "6"]
[WhiteElo "1671"]
[BlackElo "1893"]
[PlyCount "84"]
[WhiteFideId "4627997"]
[BlackFideId "24640956"]
[EventCountry "GER"]
[EventRounds "9"]
[EventType "swiss"]
[EventDate "2011.06.11"]

1. e4 c5 2. Nf3 e6 3. d4 cxd4 4. Nxd4 a6 5. Nc3 Qc7 6. Be2 Nf6 7. O-O d6 8. Be3
b5 9. a3 Bb7 10. f3 Nbd7 11. Bf2 Be7 12. a4 b4 13. Na2 O-O 14. c3 d5 15. exd5
bxc3 16. Nxc3 Nxd5 17. Nxd5 Bxd5 18. Qd2 Bd6 19. h3 Ne5 20. Nf5 Nc4 21. Bxc4
Bh2+ 22. Kh1 Bxc4 23. Rfc1 exf5 24. b3 Bf4 25. Be3 Rfd8 26. Bxf4 Rxd2 27. Bxc7
Bxb3 28. a5 Rc2 29. Rxc2 Bxc2 30. Rc1 Bd3 31. Rd1 Bb5 32. Rd8+ Rxd8 33. Bxd8 f6
34. Kg1 Kf7 35. Kf2 g5 36. g3 h6 37. h4 f4 38. Bc7 fxg3+ 39. Kxg3 h5 40. f4 g4
41. Bd8 Ke6 42. Bb6 Kd5 1/2-1/2

[Event "DEM U16w 2011"]
[Site "Oberhof GER"]
[Date "2011.06.12"]
[Round "1"]
[White "Tran, My Linh"]
[Black "Schäfer, Ann-Kathrin"]
[Result "1-0"]
[Termination "normal"]
[Board "7"]
[WhiteElo "1903"]
[BlackElo "1623"]
[PlyCount "67"]
[WhiteFideId "24682462"]
[BlackFideId "24615412"]
[EventCountry "GER"]
[EventRounds "9"]
[EventType "swiss"]
[EventDate "2011.06.11"]

1. e4 e6 2. d4 d5 3. Nd2 Nf6 4. Bd3 c5 5. e5 Nfd7 6. c3 Nc6 7. Ne2 f6 8. exf6
Nxf6 9. Nf3 Bd6 10. O-O O-O 11. Re1 e5 12. dxe5 Nxe5 13. Nxe5 Bxe5 14. Bf4 Ng4
15. Bxe5 Nxe5 16. Ng3 Nxd3 17. Qxd3 b6 18. Rad1 Bb7 19. Re5 Re8 20. Rde1 Qd7
21. Qf5 Qc6 22. Re7 Rxe7 23. Rxe7 Rf8 24. Qe5 Rf7 25. Rxf7 Kxf7 26. Nf5 Qg6 27.
h3 Bc6 28. Ne7 Qh6 29. Qc7 Qc1+ 30. Kh2 Be8 31. Nxd5+ Kg8 32. Qe7 Bg6 33. Qe6+
Bf7 34. Qc8+ 1-0

[Event "DEM U16w 2011"]
[Site "Oberhof GER"]
[Date "2011.06.12"]
[Round "1"]
[White "Rahimi, Rozafa"]
[Black "Schmalhorst, Sophia"]
[Result "0-1"]
[Termination "normal"]
[Board "8"]
[WhiteElo "1530"]
[BlackElo "1878"]
[PlyCount "36"]
[WhiteFideId "24692280"]
[BlackFideId "24682497"]
[EventCountry "GER"]
[EventRounds "9"]
[EventType "swiss"]
[EventDate "2011.06.11"]

1. g3 d5 2. Bg2 Nf6 3. Nf3 e6 4. O-O Be7 5. c4 O-O 6. b3 c5 7. Bb2 d4 8. d3 Nc6
9. e3 e5 10. Na3 Bf5 11. Ne1 Bg4 12. Qd2 Qd7 13. f4 exf4 14. exf4 Bd8 15. Nac2
Re8 16. Nf3 Ba5 17. Qf2 Bf5 18. Rad1 Ng4 0-1

[Event "DEM U16w 2011"]
[Site "Oberhof GER"]
[Date "2011.06.12"]
[Round "1"]
[White "Rethmann, Kristin"]
[Black "Serif, Amelie"]
[Result "0-1"]
[Termination "normal"]
[Board "9"]
[WhiteElo "1780"]
[BlackElo "1475"]
[PlyCount "114"]
[WhiteFideId "24655805"]
[EventCountry "GER"]
[EventRounds "9"]
[EventType "swiss"]
[EventDate "2011.06.11"]

1. e4 c5 2. Nf3 g6 3. d4 Bg7 4. dxc5 Na6 5. Bxa6 Qa5+ 6. c3 Qxa6 7. Nd4 b6 8.
cxb6 Qxb6 9. O-O Bb7 10. Re1 Nf6 11. Nd2 O-O 12. Kh1 e5 13. N4b3 Qxf2 14. Qe2
Qb6 15. Qe3 Qxe3 16. Rxe3 Bh6 17. Re1 Rfe8 18. Nc5 Bc6 19. Nc4 Bxc1 20. Raxc1
Rab8 21. b3 Bb5 22. Nd6 Re7 23. c4 Bc6 24. Rb1 Ne8 25. Red1 Nxd6 26. Rxd6 Rd8
27. b4 Ba8 28. Rbd1 Rb8 29. a3 f5 30. Rxd7 Rxd7 31. Nxd7 Rc8 32. c5 fxe4 33.
Nxe5 Re8 34. Ng4 Kf7 35. Rd6 e3 36. Rd1 h5 37. Nh6+ Kg7 38. Kg1 Kxh6 39. Re1
Bc6 40. h3 Bb5 41. Kh2 e2 42. Kg3 Rf8 43. c6 Rc8 44. a4 Bxa4 45. Rxe2 Rxc6 46.
Ra2 Ra6 47. h4 Bb5 48. Rd2 Ra3+ 49. Kf4 Rb3 50. Rd4 Rb2 51. g4 hxg4 52. Kxg4
Rc2 53. h5 gxh5+ 54. Kf5 Rf2+ 55. Ke4 a6 56. Rd6+ Kg5 57. Rd8 Rf4+ 0-1

[Event "DEM U16w 2011"]
[Site "Oberhof GER"]
[Date "2011.06.12"]
[Round "1"]
[White "Lange, Anika"]
[Black "Kuckling, Hannah"]
[Result "1-0"]
[Termination "normal"]
[Board "10"]
[WhiteElo "1637"]
[BlackElo "1775"]
[PlyCount "107"]
[WhiteFideId "24693405"]
[BlackFideId "24603660"]
[EventCountry "GER"]
[EventRounds "9"]
[EventType "swiss"]
[EventDate "2011.06.11"]

1. d4 Nf6 2. Nf3 g6 3. e3 Bg7 4. b4 O-O 5. c4 d6 6. Bb2 Nbd7 7. Qb3 Qe8 8. Be2
e5 9. dxe5 dxe5 10. O-O Kh8 11. Nc3 c6 12. Rad1 Nh5 13. Ne4 f5 14. Nd6 Qe7 15.
Rd2 f4 16. Rfd1 Nb6 17. Bf1 Bg4 18. Be2 Bxf3 19. Bxf3 Bh6 20. Qc3 Bg7 21. Bxh5
gxh5 22. Qb3 Qg5 23. exf4 exf4 24. Bxg7+ Qxg7 25. Rd3 Nd7 26. Qc3 Ne5 27. Rh3
f3 28. Rg3 Qf6 29. Ne4 Qe7 30. Rd7 Rad8 31. Rxd8 Rxd8 32. gxf3 Rd3 33. Qb2 h6
34. f4 Rxg3+ 35. fxg3 Kg8 36. Qxe5 Qxb4 37. Qe6+ Kf8 38. Qxh6+ Ke7 39. Qg7+ Kd8
40. Qf6+ Kc7 41. Qd6+ Qxd6 42. Nxd6 Kxd6 43. Kf2 b5 44. cxb5 cxb5 45. Ke3 Kd5
46. h3 a5 47. Kd3 b4 48. g4 h4 49. g5 a4 50. g6 Ke6 51. f5+ Kf6 52. Kc4 b3 53.
axb3 axb3 54. Kxb3 1-0

[Event "DEM U16w 2011"]
[Site "Oberhof GER"]
[Date "2011.06.12"]
[Round "1"]
[White "Zeller, Elisa"]
[Black "Freis, Katrin"]
[Result "1-0"]
[Termination "normal"]
[Board "11"]
[WhiteElo "1795"]
[BlackElo "1379"]
[PlyCount "61"]
[WhiteFideId "24662410"]
[BlackFideId "24655783"]
[EventCountry "GER"]
[EventRounds "9"]
[EventType "swiss"]
[EventDate "2011.06.11"]

1. e4 e5 2. Nf3 Nc6 3. Bb5 Nd4 4. Nxd4 exd4 5. d3 Bc5 6. O-O c6 7. Ba4 d6 8. c3
Ne7 9. Bc2 Be6 10. Kh1 Kd7 11. a4 a6 12. b4 Bb6 13. c4 Ng6 14. f4 f5 15. exf5
Bxf5 16. g4 Be6 17. f5 Bf7 18. fxg6 Be6 19. g5 hxg6 20. Qe2 Qe7 21. Bd1 Rh4 22.
Nd2 Bd5+ 23. cxd5 Qxg5 24. Qe6+ Kc7 25. Rf7+ Kb8 26. Nf3 Rxh2+ 27. Nxh2 Qg3 28.
Bf4 Qxd3 29. Bxd6+ Ka7 30. Rxb7+ Kxb7 31. Qd7+ 1-0

[Event "DEM U16w 2011"]
[Site "Oberhof GER"]
[Date "2011.06.12"]
[Round "1"]
[White "Wulf, Constanze"]
[Black "Polert, Annika"]
[Result "0-1"]
[Termination "normal"]
[Board "12"]
[WhiteElo "1296"]
[BlackElo "1718"]
[PlyCount "83"]
[WhiteFideId "24692379"]
[BlackFideId "24692328"]
[EventCountry "GER"]
[EventRounds "9"]
[EventType "swiss"]
[EventDate "2011.06.11"]

1. d4 Nf6 2. c4 g6 3. Nc3 Bg7 4. e4 d6 5. Be2 O-O 6. Nf3 c5 7. d5 Nbd7 8. Bg5
a6 9. O-O Qc7 10. Qd2 Rd8 11. Bh6 Bh8 12. Qc2 Nb6 13. Nd2 e6 14. dxe6 Bxe6 15.
Rfe1 Nbd7 16. Nf1 Ne5 17. Ne3 Nc6 18. Rad1 Nd4 19. Qc1 Re8 20. h3 Qd7 21. Bf1
Rab8 22. Nc2 Nxc2 23. Qxc2 Qc6 24. Bf4 Rbd8 25. Rd2 Bf5 26. Bd3 Bc8 27. Qd1 Nh5
28. Nd5 Nxf4 29. Nxf4 b5 30. Qb3 b4 31. Rde2 Be5 32. Nd5 Be6 33. Ne3 a5 34. Bb1
a4 35. Qd3 Ra8 36. Kh1 a3 37. bxa3 Rxa3 38. Qc2 Rc3 39. Qd1 Bxc4 40. Rc2 Rxc2
41. Qxc2 Be6 42. Nc4 0-1

[Event "DEM U16w 2011"]
[Site "Oberhof GER"]
[Date "2011.06.12"]
[Round "1"]
[White "Spiegelberg, Silvia"]
[Black "Tobianski, Karina"]
[Result "1/2-1/2"]
[Termination "normal"]
[Board "13"]
[WhiteElo "1799"]
[BlackElo "1262"]
[PlyCount "38"]
[WhiteFideId "24654450"]
[BlackFideId "12937746"]
[EventCountry "GER"]
[EventRounds "9"]
[EventType "swiss"]
[EventDate "2011.06.11"]

1. e4 d5 2. exd5 Nf6 3. d4 Nxd5 4. c4 Nb6 5. Nf3 Bg4 6. Be2 e6 7. O-O Nc6 8.
Nbd2 Be7 9. b3 O-O 10. Bb2 Bf5 11. Qc1 Bf6 12. Qc3 a5 13. Rfd1 a4 14. Ne5 a3
15. Ndf3 axb2 16. Qxb2 Qe7 17. Nxc6 bxc6 18. Ne5 c5 19. Bf3 Rac8 1/2-1/2

[Event "DEM U16w 2011"]
[Site "Oberhof GER"]
[Date "2011.06.12"]
[Round "2"]
[White "Schmalhorst, Sophia"]
[Black "Klek, Hanna-Marie"]
[Result "0-1"]
[Termination "normal"]
[Board "1"]
[WhiteElo "1878"]
[BlackElo "2147"]
[PlyCount "92"]
[WhiteFideId "24682497"]
[BlackFideId "24670057"]
[EventCountry "GER"]
[EventRounds "9"]
[EventType "swiss"]
[EventDate "2011.06.11"]

1. e4 g6 2. Nf3 Bg7 3. d4 d6 4. h3 Nf6 5. Bd3 O-O 6. O-O Nc6 7. c3 e5 8. dxe5
dxe5 9. Be3 Qe7 10. Qe2 Nh5 11. Nbd2 Kh8 12. Nb3 b6 13. Ba6 Bd7 14. Qc4 Qe8 15.
Rad1 Be6 16. Qe2 Nd8 17. Ng5 Bd7 18. Bc4 h6 19. Nf3 Ne6 20. Qd2 Bc6 21. Bxh6
Bxe4 22. Bxg7+ Kxg7 23. Bxe6 Qxe6 24. Ng5 Qc6 25. Nxe4 Qxe4 26. Rfe1 Qh4 27.
Rxe5 Rfd8 28. Rd5 Re8 29. Qd4+ Qxd4 30. R5xd4 Nf6 31. Kf1 Re5 32. Re1 Rae8 33.
Rxe5 Rxe5 34. Rd2 a5 35. Re2 Rd5 36. Ke1 Nd7 37. Nd4 Kf6 38. Nf3 Rd6 39. Nd2
Rd5 40. Ne4+ Kf5 41. Ng3+ Kf6 42. Re4 Nc5 43. b4 Nxe4 44. Nxe4+ Kf5 45. f3 axb4
46. cxb4 Rd3 0-1

[Event "DEM U16w 2011"]
[Site "Oberhof GER"]
[Date "2011.06.12"]
[Round "2"]
[White "Osmanodja, Filiz"]
[Black "Zeller, Elisa"]
[Result "1-0"]
[Termination "normal"]
[Board "2"]
[WhiteTitle "FM"]
[WhiteElo "2027"]
[BlackElo "1795"]
[PlyCount "221"]
[WhiteFideId "24633569"]
[BlackFideId "24662410"]
[EventCountry "GER"]
[EventRounds "9"]
[EventType "swiss"]
[EventDate "2011.06.11"]

1. e4 d6 2. d4 Nf6 3. Nc3 g6 4. Bg5 Bg7 5. Qd2 c6 6. f4 O-O 7. Bd3 Qc7 8. Nf3
Re8 9. O-O-O b5 10. f5 Bd7 11. e5 b4 12. exf6 bxc3 13. Qxc3 exf6 14. Bf4 g5 15.
Bg3 a5 16. Nd2 Qd8 17. Bxd6 Bxf5 18. Bxf5 Qxd6 19. Rhe1 Rd8 20. Re4 Qd5 21. Qh3
h6 22. c4 Qd6 23. Qg3 Qxg3 24. hxg3 Na6 25. Nf3 Rab8 26. Rd3 Rb4 27. Rc3 Rdb8
28. Re2 a4 29. Bd7 c5 30. Bf5 Rd8 31. d5 Nb8 32. Ne1 Bf8 33. Nd3 Rb6 34. Ra3
Ra6 35. Nf2 Kg7 36. Bc2 Nd7 37. Rxa4 Rxa4 38. Bxa4 Ne5 39. Bb5 Ra8 40. a3 Kg6
41. Kc2 h5 42. Ne4 Rd8 43. d6 Bxd6 44. Rd2 Be7 45. Rxd8 Bxd8 46. Nxc5 Ng4 47.
Kd2 Bc7 48. Na6 Bxg3 49. c5 Bf4+ 50. Ke2 Ne5 51. c6 Nxc6 52. Bxc6 Bc1 53. b4
Bxa3 54. b5 Bd6 55. b6 f5 56. b7 h4 57. Kd3 Kf6 58. Kc4 Ke7 59. Kb5 Kd8 60.
b8=Q+ Bxb8 61. Nxb8 Ke7 62. Kc5 Ke6 63. Kd4 g4 64. Bd5+ Kf6 65. Nd7+ Kg5 66.
Bxf7 f4 67. Bd5 f3 68. gxf3 gxf3 69. Ke3 Kg4 70. Kf2 Kf4 71. Bxf3 Kg5 72. Ne5
Kf4 73. Nd3+ Kg5 74. Kg2 Kg6 75. Kh3 Kg5 76. Bg4 Kf6 77. Kxh4 Kg6 78. Bc8 Kf6
79. Kg4 Kg6 80. Kf4 Kf6 81. Bf5 Kf7 82. Ke5 Kg7 83. Nf4 Kf7 84. Nh5 Ke7 85. Be6
Kf8 86. Kd6 Ke8 87. Bc4 Kf8 88. Bd5 Ke8 89. Ng7+ Kf8 90. Nf5 Ke8 91. Ke6 Kf8
92. Nh6 Ke8 93. Nf7 Kf8 94. Kf6 Kg8 95. Be4 Kf8 96. Bh7 Ke8 97. Ne5 Kf8 98.
Nd7+ Ke8 99. Ke6 Kd8 100. Kd6 Ke8 101. Bg6+ Kd8 102. Nc5 Kc8 103. Bh5 Kd8 104.
Nb7+ Kc8 105. Kc6 Kb8 106. Kb6 Kc8 107. Bg4+ Kb8 108. Nc5 Ka8 109. Bh3 Kb8 110.
Na6+ Ka8 111. Bg2# 1-0

[Event "DEM U16w 2011"]
[Site "Oberhof GER"]
[Date "2011.06.12"]
[Round "2"]
[White "Düssler, Stefanie"]
[Black "Lange, Anika"]
[Result "1-0"]
[Termination "normal"]
[Board "3"]
[WhiteElo "1905"]
[BlackElo "1637"]
[PlyCount "57"]
[WhiteFideId "4634780"]
[BlackFideId "24693405"]
[EventCountry "GER"]
[EventRounds "9"]
[EventType "swiss"]
[EventDate "2011.06.11"]

1. e4 c5 2. Nf3 Nc6 3. d4 cxd4 4. Nxd4 e5 5. Nb5 d6 6. N1c3 a6 7. Na3 Be6 8.
Nd5 Nf6 9. Nxf6+ Qxf6 10. Be3 Qd8 11. Bc4 b5 12. Bd5 Rc8 13. c4 bxc4 14. Nxc4
Qc7 15. Nb6 Rb8 16. Rc1 Bd7 17. Nxd7 Kxd7 18. Bxc6+ Ke7 19. b3 g6 20. O-O Bg7
21. Qd3 a5 22. Rc4 Rhd8 23. Rfc1 Kf8 24. Bd5 Qe7 25. Rc7 Qh4 26. Rxf7+ Ke8 27.
Rxg7 Kf8 28. Rcc7 Ke8 29. Rg8# 1-0

[Event "DEM U16w 2011"]
[Site "Oberhof GER"]
[Date "2011.06.12"]
[Round "2"]
[White "Berger, Nadja"]
[Black "Tran, My Linh"]
[Result "0-1"]
[Termination "normal"]
[Board "5"]
[WhiteElo "1730"]
[BlackElo "1903"]
[PlyCount "152"]
[WhiteFideId "24692212"]
[BlackFideId "24682462"]
[EventCountry "GER"]
[EventRounds "9"]
[EventType "swiss"]
[EventDate "2011.06.11"]

1. d4 Nf6 2. Nc3 d5 3. Bg5 Nbd7 4. Nf3 c6 5. e3 g6 6. Bd3 Bg7 7. e4 dxe4 8.
Nxe4 Nxe4 9. Bxe4 Nf6 10. Bd3 Bg4 11. c3 Qd5 12. Bf4 Nh5 13. Bg3 Nxg3 14. hxg3
O-O 15. Qe2 e5 16. dxe5 Rae8 17. Bc4 Qa5 18. Kf1 Rxe5 19. Qd2 Rh5 20. Rg1 Qc5
21. Bb3 Qb6 22. Qf4 Bxf3 23. gxf3 Rf5 24. Qe4 Qb5+ 25. Kg2 Re5 26. Qc4 Qxc4 27.
Bxc4 b5 28. Bd3 Rd5 29. Rad1 Rfd8 30. Bc2 Rd2 31. a4 Bf6 32. Rxd2 Rxd2 33. Be4
Rxb2 34. Bxc6 bxa4 35. Bxa4 Bxc3 36. Rd1 Rb7 37. f4 Kg7 38. Kf3 Rb4 39. Be8 Rd4
40. Rc1 Ba5 41. Ra1 Bb6 42. Ra2 a5 43. Rb2 Rb4 44. Ra2 Kf8 45. Ba4 Bd4 46. Bc6
Rb3+ 47. Ke4 Bc3 48. Bd5 Rb2 49. Rxb2 Bxb2 50. Bb3 Bc3 51. g4 Be1 52. f3 h5 53.
Ke3 h4 54. Ke2 h3 55. Kf1 h2 56. Kg2 Bg3 57. f5 gxf5 58. g5 Bf4 59. Bc2 Kg7 60.
Bxf5 a4 61. Bb1 a3 62. Kh1 f6 63. g6 f5 64. Ba2 Kxg6 65. Kg2 Kf6 66. Kh1 Ke5
67. Kg2 Kd4 68. Kh1 Kc3 69. Kg2 Kb2 70. Be6 a2 71. Bxa2 Kxa2 72. Kh1 Kb3 73.
Kg2 Kc3 74. Kh1 Kd2 75. Kg2 Ke2 76. Kh1 Be3 0-1

[Event "DEM U16w 2011"]
[Site "Oberhof GER"]
[Date "2011.06.12"]
[Round "2"]
[White "Serif, Amelie"]
[Black "Spiegelberg, Silvia"]
[Result "1/2-1/2"]
[Termination "normal"]
[Board "6"]
[WhiteElo "1475"]
[BlackElo "1799"]
[PlyCount "107"]
[BlackFideId "24654450"]
[EventCountry "GER"]
[EventRounds "9"]
[EventType "swiss"]
[EventDate "2011.06.11"]

1. Nc3 d5 2. e4 dxe4 3. Nxe4 Qd5 4. Nc3 Qd6 5. Bc4 c6 6. Nf3 Bf5 7. O-O e6 8.
Re1 Nf6 9. d3 Be7 10. Ne2 Nd5 11. Ng3 Bg4 12. h3 Bxf3 13. Qxf3 O-O 14. Bd2 Nd7
15. Bxd5 cxd5 16. d4 Qb6 17. Bc3 Nf6 18. Rab1 Rac8 19. Qd3 Rc4 20. b3 Rc6 21.
Bd2 Rd8 22. c3 Bd6 23. Bg5 Bxg3 24. Qxg3 Kf8 25. Bxf6 gxf6 26. Re3 Qc7 27. Qh4
Rxc3 28. Rxc3 Qxc3 29. Qxf6 Rc8 30. Rd1 Qc2 31. Re1 Rc6 32. Re3 Rd6 33. Rf3 Qg6
34. Qxg6 hxg6 35. Rc3 Ke7 36. Rc7+ Rd7 37. Rxd7+ Kxd7 38. Kf1 f6 39. f4 Kc6 40.
Ke2 Kb5 41. g4 g5 42. fxg5 fxg5 43. h4 gxh4 44. g5 h3 45. Kf3 e5 46. dxe5 d4
47. e6 Kc6 48. g6 d3 49. g7 d2 50. Ke2 h2 51. g8=Q h1=Q 52. Qc8+ Kd6 53. Qd7+
Ke5 54. Qxd2 1/2-1/2

[Event "DEM U16w 2011"]
[Site "Oberhof GER"]
[Date "2011.06.12"]
[Round "2"]
[White "Tobianski, Karina"]
[Black "Spangenberg, Romy"]
[Result "0-1"]
[Termination "normal"]
[Board "7"]
[WhiteElo "1262"]
[BlackElo "1671"]
[PlyCount "80"]
[WhiteFideId "12937746"]
[BlackFideId "4627997"]
[EventCountry "GER"]
[EventRounds "9"]
[EventType "swiss"]
[EventDate "2011.06.11"]

1. e4 c5 2. c3 d5 3. exd5 Qxd5 4. d4 Nf6 5. Nf3 Bg4 6. dxc5 Qxd1+ 7. Kxd1 e5 8.
b4 e4 9. h3 exf3 10. hxg4 Nxg4 11. Bb5+ Kd8 12. Re1 Be7 13. gxf3 Nf6 14. Bf4
Nc6 15. Kc2 a5 16. Rd1+ Ke8 17. a3 Kf8 18. Rd3 axb4 19. Bxc6 b3+ 20. Kxb3 bxc6
21. Bd6 Nd7 22. Bxe7+ Kxe7 23. Re3+ Kf6 24. Kc4 Ra4+ 25. Kb3 Nxc5+ 26. Kc2 Rd8
27. Nd2 Rxd2+ 28. Kxd2 Nb3+ 29. Kc2 Nxa1+ 30. Kb2 Nc2 31. Kxc2 Rxa3 32. Kd1 Ra5
33. Re4 Rd5+ 34. Ke2 Re5 35. Kd3 Rxe4 36. fxe4 Ke5 37. Ke3 g5 38. Kf3 h5 39.
Ke3 f5 40. exf5 Kxf5 0-1

[Event "DEM U16w 2011"]
[Site "Oberhof GER"]
[Date "2011.06.12"]
[Round "2"]
[White "Müller, Alexandra"]
[Black "Rethmann, Kristin"]
[Result "1-0"]
[Termination "normal"]
[Board "9"]
[WhiteElo "1696"]
[BlackElo "1780"]
[PlyCount "109"]
[WhiteFideId "24691496"]
[BlackFideId "24655805"]
[EventCountry "GER"]
[EventRounds "9"]
[EventType "swiss"]
[EventDate "2011.06.11"]

1. e4 Nf6 2. e5 Nd5 3. d4 d6 4. c4 Nb6 5. exd6 cxd6 6. Bd3 Nc6 7. Be3 g6 8. a3
Bg7 9. Ne2 O-O 10. O-O e5 11. d5 Ne7 12. Nbc3 Nf5 13. Bxb6 Qxb6 14. Qc2 Bd7 15.
Kh1 Rac8 16. Ne4 Ne7 17. N2c3 f5 18. Nd2 Kh8 19. b4 Qd4 20. Nb3 Qh4 21. Be2 e4
22. Rad1 g5 23. Nd4 Rf6 24. g3 Qh3 25. Rg1 Rh6 26. Rg2 Be5 27. Bf1 Be8 28. f4
Bf6 29. fxg5 Bxg5 30. Ne6 Bf6 31. Nf4 Qg4 32. Be2 Qg7 33. Ne6 Qf7 34. g4 Be5
35. gxf5 Nxf5 36. Qd2 Rh3 37. Ng5 Qf6 38. Ncxe4 Qh6 39. Nxh3 Qxh3 40. Rdg1 Bg6
41. Ng5 Qxa3 42. Bd3 Rf8 43. Bxf5 Rxf5 44. Rf2 Rf6 45. Rxf6 Bxf6 46. Qf4 Kg7
47. Ne6+ Kf7 48. Rf1 Qc3 49. Nd4 Ke8 50. Qxf6 Be4+ 51. Kg1 Qe3+ 52. Qf2 Qg5+
53. Qg3 Qd2 54. Qg8+ Ke7 55. Rf7# 1-0

[Event "DEM U16w 2011"]
[Site "Oberhof GER"]
[Date "2011.06.12"]
[Round "2"]
[White "Kuckling, Hannah"]
[Black "Rahimi, Rozafa"]
[Result "1-0"]
[Termination "normal"]
[Board "10"]
[WhiteElo "1775"]
[BlackElo "1530"]
[PlyCount "57"]
[WhiteFideId "24603660"]
[BlackFideId "24692280"]
[EventCountry "GER"]
[EventRounds "9"]
[EventType "swiss"]
[EventDate "2011.06.11"]

1. e4 c6 2. d4 d5 3. Nd2 dxe4 4. Nxe4 Bf5 5. Ng3 Bg6 6. h4 h6 7. h5 Bh7 8. Nf3
e6 9. Bd3 Nf6 10. Bxh7 Nxh7 11. Qd3 Bd6 12. Ne4 Nf6 13. Nxd6+ Qxd6 14. Bd2 Nbd7
15. O-O-O O-O-O 16. g3 Qd5 17. Kb1 Ne4 18. Be3 Nxg3 19. fxg3 Qxf3 20. Rdf1 Qxg3
21. Qa3 Nf6 22. Rhg1 Qh3 23. Rh1 Qg3 24. Rhg1 Qb8 25. Rxg7 Nxh5 26. Rgxf7 Ng3
27. Bf4 Qa8 28. Rc7+ Kb8 29. Rxc6+ 1-0

[Event "DEM U16w 2011"]
[Site "Oberhof GER"]
[Date "2011.06.12"]
[Round "2"]
[White "Kostré, Margarita"]
[Black "Wulf, Constanze"]
[Result "1-0"]
[Termination "normal"]
[Board "11"]
[WhiteElo "1821"]
[BlackElo "1296"]
[PlyCount "54"]
[WhiteFideId "4673344"]
[BlackFideId "24692379"]
[EventCountry "GER"]
[EventRounds "9"]
[EventType "swiss"]
[EventDate "2011.06.11"]

1. e4 c5 2. Nf3 e6 3. Nc3 Nc6 4. d4 cxd4 5. Nxd4 Nf6 6. Nxc6 dxc6 7. Qxd8+ Kxd8
8. e5 Nd7 9. f4 Bb4 10. Bd2 Kc7 11. Nb5+ cxb5 12. Bxb4 a6 13. O-O-O b6 14. Bd6+
Kd8 15. Bd3 Bb7 16. f5 Bd5 17. Rhf1 Nc5 18. fxe6 Nxd3+ 19. Rxd3 fxe6 20. Rf7 g6
21. Rh3 Bxg2 22. Rhxh7 Rxh7 23. Rxh7 Kc8 24. Rc7+ Kd8 25. Rg7 Be4 26. Bc7+ Ke8
27. Bxb6 Rb8 1-0